00705nam a2200205Ia 450000500170000000800410001702000180005804000180007604100080009408200200010210000230012224501270014525000120027226000600028430000300034465000400037465000320041465000320044670000210047820220202160255.0210716s2003 xx 000 0 und d a81 203 2356 4 cAIMIT LIBRARY aeng a658.4 28bGREJ aGreenberg, Jerald. aBehavior in organizations: bunderstanding and managing the human side of work /cBy Jerald Greenberg and Robert A. Baron. a8th ed. aNew Jersey :bPrentice Hall of India Pvt. Ltd. ;c2003. aXxviii, 691p. ;c27.5 cm. aOrganizational structure and design aMotivation in organizations aLeadership in organizations aBaron, Robert A.